Представление документа в формате MARC21

Поле Инд. ПП Название Значение
Тип записи a
Библиографический уровень m
001 Контрольный номер f60ada3f3e05492299fa17fa64698375
005 Дата корректировки 20240115093122.1
020 c Цена, тираж б. ц.
040 b Код языка каталог. rus
e Правила каталог. PSBO
041 0_ a Код языка текста rus
080 a Индекс УДК 621.791.725
080 a Индекс УДК 621.3.049.77
084 a Индекс другой классификации/Индекс ББК 32.86-53
084 a Индекс другой классификации/Индекс ББК 32.844.1
090 a Полочн. индекс 621.7
x Авторский знак С59
097 b Оператор 02
100 1_ a Автор Соколов С. И.
245 10 a Заглавие Двухлучевая лазерная обработка кварца для резонаторов и фотошаблонов субмикронных интегральных микросхем
b Продолж. заглавия дисс. на соиск. учёной степени канд. техн. наук : 05.27.06
260 c Дата издания 2023
a Место издания Минск
b Издательство БГУИР
300 a Объем 132 с.
510 0_ a Примечание о ссылках Диссертации и авторефераты диссертаций
653 0_ a Ключевые слова лазерное излучение; термораскалывание; сварка; кварцевое стекло; лазерная обработка кварца
901 t Тип документа d